[Event "Wijk aan Zee Toptienkamp"]
[Site "?"]
[Date "2018.01.19"]
[Round "1"]
[White "Kuipers, Stefan"]
[Black "Bekker, Stefan"]
[Result "1-0"]
[WhiteElo "2444"]
[BlackElo "2283"]
[PlyCount "77"]
[EventDate "2018.??.??"]

1. e4 c5 2. Nf3 d6 3. d4 cxd4 4. Nxd4 Nf6 5. Nc3 a6 6. Be2 e5 7. Nf3 Be7 8. Bg5
Be6 9. Bxf6 Bxf6 10. O-O Nc6 11. Nd5 O-O 12. c3 Ne7 13. Bc4 Nxd5 14. Bxd5 Qb6
15. Qb3 Qxb3 16. Bxb3 Rfc8 17. Rfd1 Rc6 18. Bd5 Rb6 19. b3 a5 20. Nd2 Bxd5 21.
exd5 a4 22. Nc4 Rba6 23. b4 b5 24. Na5 e4 25. Rac1 Bd8 26. Nc6 Bb6 27. c4 Re8
28. c5 Bc7 29. Nd4 dxc5 30. bxc5 Bf4 31. Rb1 e3 32. c6 b4 33. Rxb4 Ra5 34. Ne2
Bd6 35. Rc4 exf2+ 36. Kxf2 Rb5 37. c7 Rc8 38. Rc6 Bxc7 39. Rdc1 1-0

[Event "Wijk aan Zee Toptienkamp"]
[Site "?"]
[Date "2018.01.19"]
[Round "1"]
[White "Beerdsen, Thomas"]
[Black "Van der Werf, Mark"]
[Result "1/2-1/2"]
[WhiteElo "2416"]
[BlackElo "2404"]
[PlyCount "129"]
[EventDate "2018.??.??"]

1. e4 e5 2. Nf3 Nc6 3. Bb5 a6 4. Ba4 Nf6 5. d3 d6 6. c3 g6 7. Bg5 Bg7 8. Nbd2
h6 9. Bh4 O-O 10. Nf1 b5 11. Bb3 Na5 12. Bc2 c5 13. Ne3 Bb7 14. Bxf6 Bxf6 15.
h4 h5 16. g4 hxg4 17. Nxg4 Bc8 18. Ne3 Kg7 19. Qd2 Rh8 20. O-O-O Be6 21. Rdg1
d5 22. exd5 Bxd5 23. Qe2 Rh5 24. Kb1 Qd7 25. Rg3 b4 26. cxb4 cxb4 27. Nxd5 Qxd5
28. Rhg1 b3 29. axb3 Nc6 30. d4 Nxd4 31. Nxd4 exd4 32. Bd3 Bxh4 33. Rf3 Re5 34.
Rxf7+ Kxf7 35. Qg4 Rg5 36. Be4 Qe5 37. Qf3+ Rf5 38. Qg4 Rg5 39. Qf3+ Rf5 40.
Qg4 Rg8 41. Qxh4 Rf6 42. Bd3 Rc6 43. Qh1 Rgc8 44. f4 Qf6 45. Qd5+ Qe6 46. Bxg6+
Ke7 47. Qxd4 Qxg6+ 48. Rxg6 Rxg6 49. f5 Rf6 50. Qb4+ Ke8 51. Qe4+ Kf8 52. b4
Rb8 53. Qe5 Rbb6 54. Kc2 Kf7 55. Kd3 Rb5 56. Qc7+ Kf8 57. Qd8+ Kf7 58. Qd7+ Kf8
59. Qc8+ Kg7 60. Qc7+ Kf8 61. Ke4 Rxb4+ 62. Ke5 Rbb6 63. Qh7 Rbc6 64. Qh8+ Kf7
65. Qh7+ 1/2-1/2

[Event "Wijk aan Zee Toptienkamp"]
[Site "?"]
[Date "2018.01.20"]
[Round "2"]
[White "Bekker, Stefan"]
[Black "Beerdsen, Thomas"]
[Result "0-1"]
[WhiteElo "2283"]
[BlackElo "2416"]
[PlyCount "66"]
[EventDate "2018.??.??"]

1. Nf3 c5 2. g3 g6 3. Bg2 Bg7 4. c4 Nc6 5. Nc3 e6 6. h4 h6 7. d4 cxd4 8. Nb5 d5
9. Nfxd4 Nxd4 10. Nxd4 dxc4 11. Be3 Ne7 12. Qa4+ Bd7 13. Qxc4 Qa5+ 14. b4 Qa4
15. O-O Rc8 16. Qb3 e5 17. b5 Qa5 18. Nf3 Nf5 19. Rad1 Be6 20. Qd3 O-O 21. Bd2
Qa4 22. Nh2 Rfd8 23. Qe4 Rd4 24. Qxb7 Rcd8 25. Bc6 Nxg3 26. b6 Nxe2+ 27. Kh1
Qc4 28. bxa7 Rxh4 29. Bg5 hxg5 30. Be4 Rf8 31. a8=Q Rxa8 32. Qxa8+ Kh7 33. f3
Ng3+ 0-1

[Event "Wijk aan Zee Toptienkamp"]
[Site "?"]
[Date "2018.01.20"]
[Round "2"]
[White "Salimova, Nurgyul"]
[Black "Kuipers, Stefan"]
[Result "0-1"]
[WhiteElo "2312"]
[BlackElo "2444"]
[PlyCount "128"]
[EventDate "2018.??.??"]

1. e4 e6 2. d4 d5 3. Nd2 c5 4. exd5 Qxd5 5. Ngf3 cxd4 6. Bc4 Qd7 7. O-O Nc6 8.
Nb3 a6 9. a4 Nf6 10. Nbxd4 Nxd4 11. Nxd4 Qc7 12. Bb3 Bd6 13. h3 O-O 14. Be3 b6
15. Qe2 Bb7 16. Rad1 Nd5 17. Rfe1 Nxe3 18. Qxe3 Rfe8 19. c3 Rad8 20. Nf3 Bf4
21. Qe2 Rxd1 22. Rxd1 Rd8 23. Rd4 Rxd4 24. Nxd4 Qd8 25. Bc4 a5 26. Bd3 Qd5 27.
Nf3 Qa2 28. Bb5 Qb1+ 29. Ne1 Qc1 30. Qf1 Qxb2 31. Nd3 Qd2 32. Nxf4 Qxf4 33. Qd3
Qg5 34. f3 Qd5 35. Qc2 g6 36. Kh1 e5 37. Bd3 f5 38. Qe2 Kg7 39. Bc4 Qc5 40. Qd3
Bc6 41. Bb3 Qe7 42. Qc4 Qd6 43. Qf7+ Kh6 44. Qa7 Qd8 45. Qf7 e4 46. Qc4 Bb7 47.
fxe4 Bxe4 48. Qf1 Qd3 49. Qc1+ Kg7 50. Kh2 Qd6+ 51. Kg1 Qg3 52. Qd2 Qd3 53. Qb2
Qb1+ 54. Qxb1 Bxb1 55. g3 g5 56. Kf2 Kf6 57. h4 gxh4 58. gxh4 f4 59. Kf3 Kf5
60. h5 Be4+ 61. Kf2 Kg5 62. Bd1 h6 63. Be2 Bc6 64. Bd1 Be8 0-1

[Event "Wijk aan Zee Toptienkamp"]
[Site "?"]
[Date "2018.01.21"]
[Round "3"]
[White "Kuipers, Stefan"]
[Black "Papin, Vasily"]
[Result "1/2-1/2"]
[WhiteElo "2444"]
[BlackElo "2482"]
[PlyCount "48"]
[EventDate "2018.??.??"]

1. e4 c5 2. Nf3 e6 3. d4 cxd4 4. Nxd4 a6 5. Bd3 Bc5 6. Nb3 Be7 7. O-O d6 8. Qg4
g6 9. Qe2 Nd7 10. Na3 Ne5 11. Nc4 Nxc4 12. Bxc4 Qc7 13. Bd3 h5 14. a4 h4 15. a5
Nf6 16. Be3 e5 17. Nd2 Be6 18. Nc4 Bxc4 19. Bxc4 Rc8 20. Bb3 Kf8 21. Rfd1 Kg7
22. c3 Qc6 23. f3 Qc7 24. Qd3 Nd7 1/2-1/2

[Event "Wijk aan Zee Toptienkamp"]
[Site "?"]
[Date "2018.01.21"]
[Round "3"]
[White "Beerdsen, Thomas"]
[Black "Salimova, Nurgyul"]
[Result "1-0"]
[WhiteElo "2416"]
[BlackElo "2312"]
[PlyCount "57"]
[EventDate "2018.??.??"]

1. e4 e5 2. Nf3 Nc6 3. c3 Nf6 4. d4 d6 5. Bd3 Be7 6. h3 O-O 7. Nbd2 Re8 8. O-O
Bf8 9. Re1 g6 10. Nf1 Bg7 11. Ng3 a6 12. Be3 b6 13. Qd2 Bb7 14. Rad1 Qd7 15. b4
b5 16. a3 Rad8 17. Bb1 exd4 18. cxd4 Nb8 19. Bg5 Rc8 20. Qf4 Qe6 21. Re2 d5 22.
e5 Nfd7 23. Bh6 f6 24. Bxg7 Kxg7 25. Rde1 fxe5 26. Nxe5 Rf8 27. Nh5+ Kh8 28.
Qh6 Rg8 29. Nxd7 1-0

[Event "Wijk aan Zee Toptienkamp"]
[Site "?"]
[Date "2018.01.21"]
[Round "4"]
[White "Papin, Vasily"]
[Black "Beerdsen, Thomas"]
[Result "1/2-1/2"]
[WhiteElo "2482"]
[BlackElo "2416"]
[PlyCount "60"]
[EventDate "2018.??.??"]

1. d4 Nf6 2. c4 e6 3. Nf3 b6 4. a3 Ba6 5. Qb3 d5 6. cxd5 exd5 7. Bg5 Be7 8. Nc3
c6 9. Bxf6 Bxf6 10. e3 Bxf1 11. Kxf1 O-O 12. g3 Qd7 13. Kg2 Na6 14. Rac1 Nc7
15. Rhd1 Rfe8 16. Rd2 h5 17. Ne2 h4 18. gxh4 Ne6 19. Qc2 Rac8 20. Qf5 Nf4+ 21.
Qxf4 Re4 22. Ne5 Bxe5 23. Qf3 Bd6 24. Ng3 Rxh4 25. Qf5 Qd8 26. Rdc2 g6 27. Qf3
Qd7 28. Kh1 Kg7 29. Kg1 Qh3 30. Qg2 Qg4 1/2-1/2

[Event "Wijk aan Zee Toptienkamp"]
[Site "?"]
[Date "2018.01.21"]
[Round "4"]
[White "Pijpers, Arthur"]
[Black "Kuipers, Stefan"]
[Result "0-1"]
[WhiteElo "2467"]
[BlackElo "2444"]
[PlyCount "74"]
[EventDate "2018.??.??"]

1. e4 e6 2. d4 d5 3. Nc3 Nf6 4. e5 Nfd7 5. f4 c5 6. Nf3 Nc6 7. Be3 a6 8. Qd2 b5
9. Nd1 Qb6 10. Be2 a5 11. c3 Ba6 12. f5 exf5 13. O-O b4 14. Bxa6 Qxa6 15. dxc5
Bxc5 16. Ng5 Ne7 17. cxb4 Bxb4 18. Qf2 Nxe5 19. Bd4 f6 20. Nf3 Bd6 21. Nc3 O-O
22. Rad1 Rad8 23. Rfe1 N5c6 24. Na4 Nxd4 25. Nxd4 Rfe8 26. Rc1 Rc8 27. Nxf5
Nxf5 28. Qxf5 Rxe1+ 29. Rxe1 Be5 30. Nc3 Rd8 31. Rd1 Qb6+ 32. Kh1 d4 33. Ne4
Qxb2 34. Ng5 fxg5 35. Qxe5 Qxa2 36. Qe7 Qd5 37. Rc1 d3 0-1

[Event "Wijk aan Zee Toptienkamp"]
[Site "?"]
[Date "2018.01.21"]
[Round "5"]
[White "Beerdsen, Thomas"]
[Black "Pijpers, Arthur"]
[Result "1-0"]
[WhiteElo "2416"]
[BlackElo "2467"]
[PlyCount "67"]
[EventDate "2018.??.??"]

1. e4 c5 2. Nf3 d6 3. c3 Nf6 4. h3 Nc6 5. Bd3 d5 6. exd5 Qxd5 7. Qe2 Bf5 8. Bc4
Qd6 9. O-O a6 10. d4 cxd4 11. cxd4 Nxd4 12. Nxd4 Qxd4 13. Rd1 Qe4 14. Be3 e6
15. Nc3 Qe5 16. f4 Qc7 17. Nb5 Qa5 18. Rac1 Be4 19. a3 Nd7 20. Bxe6 fxe6 21.
Nc7+ Ke7 22. Nxa8 Bc6 23. b4 Qb5 24. Qb2 Rg8 25. Nc7 Qf5 26. Re1 g5 27. fxg5
Bg7 28. Qe2 Be5 29. Nxa6 Bb5 30. Bc5+ Kd8 31. Qxb5 bxa6 32. Qf1 Qxg5 33. Qf3
Qh4 34. Rxe5 1-0

[Event "Wijk aan Zee Toptienkamp"]
[Site "?"]
[Date "2018.01.21"]
[Round "5"]
[White "Kuipers, Stefan"]
[Black "Dale, Ari"]
[Result "1-0"]
[WhiteElo "2444"]
[BlackElo "2356"]
[PlyCount "71"]
[EventDate "2018.??.??"]

1. e4 c6 2. d4 d5 3. exd5 cxd5 4. Bd3 Nc6 5. c3 Qc7 6. h3 g6 7. Ne2 Bg7 8. Bf4
e5 9. dxe5 Bxe5 10. Bxe5 Nxe5 11. O-O Nf6 12. Na3 Bd7 13. Nd4 O-O-O 14. Nf3
Rhe8 15. Re1 Ne4 16. Nxe5 Rxe5 17. Bxe4 dxe4 18. Qe2 Bxh3 19. f4 Rh5 20. gxh3
Rd3 21. Qxe4 Rhxh3 22. Nb5 Rdg3+ 23. Kf1 Rf3+ 24. Ke2 Qd7 25. Nd4 Rh2+ 26. Kd1
Rff2 27. Kc1 Rxb2 28. Rb1 Rxa2 29. Qe5 Rac2+ 30. Nxc2 Qd2+ 31. Kb2 Qxc2+ 32.
Ka3 Qa2+ 33. Kb4 a5+ 34. Qxa5 Rb2+ 35. Rxb2 Qxb2+ 36. Kc4 1-0

[Event "?"]
[Site "?"]
[Date "2018.01.24"]
[Round "6"]
[White "Kuipers, Stefan"]
[Black "Beerdsen, Thomas"]
[Result "1/2-1/2"]
[WhiteElo "2444"]
[BlackElo "2416"]
[PlyCount "27"]
[EventDate "2018.??.??"]

1. e4 c5 2. Nf3 a6 3. c3 d5 4. exd5 Qxd5 5. d4 Bg4 6. Be2 Nf6 7. dxc5 Qxc5 8.
Be3 Qc7 9. O-O e5 10. Re1 Nbd7 11. a4 Be7 12. Na3 O-O 13. h3 Be6 14. Qc2
1/2-1/2

[Event "Wijk aan Zee Toptienkamp"]
[Site "?"]
[Date "2018.01.21"]
[Round "7"]
[White "Vrolijk, Liam"]
[Black "Kuipers, Stefan"]
[Result "0-1"]
[WhiteElo "2408"]
[BlackElo "2444"]
[PlyCount "68"]
[EventDate "2018.??.??"]

1. d4 d5 2. c4 c6 3. Nf3 Nf6 4. Nc3 e6 5. Bg5 Nbd7 6. cxd5 exd5 7. Qc2 Be7 8.
e3 O-O 9. Bd3 Re8 10. O-O Nf8 11. h3 Ne4 12. Bf4 Ng5 13. Bxg5 Bxg5 14. b4 Be7
15. b5 Bd6 16. bxc6 bxc6 17. Rab1 Re6 18. e4 dxe4 19. Bxe4 Rh6 20. Rfe1 Bd7 21.
Bf5 Ne6 22. Ne4 Bc7 23. Nc5 Nxc5 24. dxc5 Rh5 25. Bxd7 Qxd7 26. Rbd1 Rd5 27.
Rxd5 cxd5 28. Nd4 g6 29. Qe2 Rb8 30. Qa6 Kg7 31. Kf1 Rb4 32. Qxa7 Ra4 33. Qb7
Rxd4 34. Qb2 Qa4 0-1

[Event "Wijk aan Zee Toptienkamp"]
[Site "?"]
[Date "2018.01.21"]
[Round "7"]
[White "Beerdsen, Thomas"]
[Black "Dale, Ari"]
[Result "1-0"]
[WhiteElo "2416"]
[BlackElo "2356"]
[PlyCount "65"]
[EventDate "2018.??.??"]

1. e4 c6 2. d4 d5 3. Nd2 dxe4 4. Nxe4 Bf5 5. Ng3 Bg6 6. Nh3 Nf6 7. Nf4 Nbd7 8.
Bc4 Qc7 9. O-O e6 10. c3 O-O-O 11. Qf3 Bd6 12. a4 c5 13. Ba2 Bc2 14. dxc5 Nxc5
15. Be3 Bxa4 16. Bxc5 Bxf4 17. Be3 Bxe3 18. Qxe3 Bc6 19. Qxa7 h5 20. h4 Rd2 21.
Qe3 Qd6 22. Bxe6+ Kc7 23. Bh3 g6 24. c4 Re8 25. Qc3 Qd4 26. Qa5+ b6 27. Qa7+
Bb7 28. c5 Qxc5 29. b4 Qc4 30. Rac1 Rc2 31. Rxc2 Qxc2 32. Qa1 Ng4 33. Bxg4 1-0

[Event "Wijk aan Zee Toptienkamp"]
[Site "?"]
[Date "2018.01.21"]
[Round "8"]
[White "Kuipers, Stefan"]
[Black "Beukema, Stefan"]
[Result "1/2-1/2"]
[WhiteElo "2444"]
[BlackElo "2403"]
[PlyCount "60"]
[EventDate "2018.??.??"]

1. e4 e5 2. Nf3 Nc6 3. Bc4 Bc5 4. c3 Nf6 5. d3 a6 6. O-O Ba7 7. Bg5 h6 8. Bh4
d6 9. Nbd2 Qe7 10. b4 Bg4 11. h3 Bd7 12. a4 g5 13. Bg3 Nh5 14. Kh2 Nd8 15. d4
Nf4 16. b5 Ng6 17. bxa6 bxa6 18. dxe5 dxe5 19. Bd5 c6 20. Ba2 g4 21. hxg4 Bxg4
22. Nc4 h5 23. Qd6 Bxf3 24. gxf3 Qxd6 25. Nxd6+ Ke7 26. Nf5+ Kf6 27. Nh4 Nf4
28. Nf5 Ng6 29. Nh4 Nf4 30. Nf5 Ng6 1/2-1/2

[Event "Wijk aan Zee Toptienkamp"]
[Site "?"]
[Date "2018.01.21"]
[Round "8"]
[White "Beerdsen, Thomas"]
[Black "Vrolijk, Liam"]
[Result "0-1"]
[WhiteElo "2416"]
[BlackElo "2408"]
[PlyCount "102"]
[EventDate "2018.??.??"]

1. e4 e5 2. Nf3 Nc6 3. d4 exd4 4. Nxd4 Bc5 5. Nb3 Bb6 6. Nc3 Nf6 7. Qe2 a5 8.
a4 O-O 9. Be3 d5 10. Bxb6 cxb6 11. O-O-O Nb4 12. Qd2 Be6 13. e5 Ne4 14. Nxe4
dxe4 15. Nd4 Qd5 16. b3 Qxe5 17. c3 Nc6 18. Nxe6 Qxe6 19. Bc4 Qg6 20. Qf4 Qxg2
21. Rhe1 Rae8 22. Re3 Kh8 23. Rd5 Ne7 24. Rg5 Ng6 25. Qf5 Qh1+ 26. Kb2 Re5 27.
Qg4 Rxg5 28. Qxg5 Qxh2 29. Qf5 Qe5 30. Qxe4 Qxe4 31. Rxe4 h5 32. Be2 h4 33. Bh5
h3 34. f4 f5 35. Rd4 Kh7 36. Bf3 Re8 37. Bxb7 Re2+ 38. Ka3 Rf2 39. Bc8 Ne7 40.
Bb7 Ng6 41. Bc8 h2 42. Rd1 Rxf4 43. Rh1 Rf2 44. b4 Ne5 45. Kb3 g5 46. c4 Rf3+
47. Kc2 Nxc4 48. Rxh2+ Kg6 49. Ba6 axb4 50. Rh8 b3+ 51. Kb1 Rf1# 0-1

[Event "Wijk aan Zee Toptienkamp"]
[Site "?"]
[Date "2018.01.21"]
[Round "9"]
[White "Beukema, Stefan"]
[Black "Beerdsen, Thomas"]
[Result "0-1"]
[WhiteElo "2403"]
[BlackElo "2416"]
[PlyCount "44"]
[EventDate "2018.??.??"]

1. f4 d5 2. d3 e5 3. fxe5 Nc6 4. Nf3 Bg4 5. Nc3 f6 6. exf6 Nxf6 7. Bg5 d4 8.
Ne4 Nxe4 9. dxe4 Bb4+ 10. Kf2 Be7 11. Bxe7 Qxe7 12. h3 Bh5 13. g4 Bg6 14. Bg2
O-O-O 15. Qd2 Rhf8 16. Rhf1 h5 17. Kg1 hxg4 18. hxg4 Bxe4 19. Ng5 Bxg2 20. Kxg2
Ne5 21. Kg3 Nc4 22. Qd3 Qe5+ 0-1

[Event "Wijk aan Zee Toptienkamp"]
[Site "?"]
[Date "2018.01.21"]
[Round "9"]
[White "Van der Werf, Mark"]
[Black "Kuipers, Stefan"]
[Result "1-0"]
[WhiteElo "2404"]
[BlackElo "2444"]
[PlyCount "67"]
[EventDate "2018.??.??"]

1. d4 d5 2. c4 c6 3. Nf3 Nf6 4. Qc2 dxc4 5. Qxc4 Bg4 6. Nbd2 e6 7. g3 Nbd7 8.
Bg2 Be7 9. O-O O-O 10. b3 Rc8 11. Bb2 b5 12. Qc2 c5 13. Rfc1 Qb6 14. a4 a6 15.
axb5 axb5 16. Qd3 Rfd8 17. e3 Bf5 18. Qe2 Bg6 19. Bf1 b4 20. Ne5 Qb8 21. e4 Bh5
22. Qe1 Nxe5 23. dxe5 Nd7 24. Nc4 Qc7 25. h3 Nb8 26. Qe3 Nc6 27. Nd6 Bxd6 28.
exd6 Qxd6 29. Rxc5 Bg6 30. Rac1 Ne7 31. Be5 Qd7 32. Bc7 Rf8 33. Bb5 Nc6 34.
Rxc6 1-0

[Event "DSC Noord, Apeldoorn"]
[Site "DSC Noord, Apeldoorn"]
[Date "2018.02.03"]
[Round "6.1"]
[White "Klein, David"]
[Black "Van Delft, Merijn"]
[Result "1/2-1/2"]
[WhiteElo "2501"]
[BlackElo "2392"]
[PlyCount "199"]
[EventDate "2018.??.??"]
[WhiteTeam "Kennemer Combinatie"]
[BlackTeam "MuConsult Apeldoorn"]

1. Nf3 d5 2. g3 c6 3. Bg2 Nf6 4. d3 Bf5 5. Nbd2 h6 6. O-O e6 7. Qe1 Be7 8. e4
Bh7 9. Qe2 O-O 10. Re1 a5 11. h4 Na6 12. e5 Nd7 13. Nf1 b5 14. N1h2 c5 15. Bf4
c4 16. d4 Nb4 17. Rec1 Kh8 18. Ng4 Ra6 19. Qd2 Rg8 20. h5 Qe8 21. Qe2 Rb6 22.
Ne3 Be4 23. Rd1 Qf8 24. Nh2 Bh7 25. Nhg4 Qd8 26. a4 Bg5 27. Bxg5 Qxg5 28. axb5
Rxb5 29. b3 Nb6 30. bxc4 Nxc4 31. Nxc4 dxc4 32. Ne3 Qe7 33. Qxc4 Rgb8 34. Qc3
f6 35. Bf1 Nd5 36. Nxd5 Rxd5 37. Bg2 Rdb5 38. Rxa5 Rxa5 39. Qxa5 Bxc2 40. Rc1
Rb1 41. Rxb1 Bxb1 42. Qb6 Bf5 43. Qd6 Qf7 44. Bf3 fxe5 45. dxe5 Bh7 46. Qd8+
Bg8 47. Bg4 Kh7 48. Kg2 Qb7+ 49. Bf3 Qa7 50. Qf8 Qc7 51. Qd6 Qa7 52. Bg4 Qb7+
53. Bf3 Qa7 54. Qb4 Qc7 55. Qd4 Qe7 56. Be4+ Kh8 57. Bg6 Qb7+ 58. Qe4 Qc7 59.
Qf4 Qc6+ 60. Be4 Qc5 61. Bf3 Qe7 62. Qd4 Qg5 63. Be2 Qe7 64. Bd3 Qg5 65. Bg6
Qe7 66. g4 Qb7+ 67. Qe4 Qe7 68. Kg3 Qa3+ 69. Qe3 Qe7 70. Qf4 Qa3+ 71. Kg2 Qa8+
72. Kh2 Qd8 73. Kg3 Qd1 74. Kg2 Qd5+ 75. Qe4 Qd2 76. Qe3 Qd5+ 77. Kg3 Qd1 78.
f4 Bh7 79. f5 Bxg6 80. hxg6 exf5 81. gxf5 Kg8 82. Qf3 Qg1+ 83. Kh3 Kf8 84. Qa8+
Ke7 85. Qb7+ Ke8 86. Qc8+ Ke7 87. Qc7+ Ke8 88. Qf7+ Kd8 89. Qf8+ Kc7 90. Qxg7+
Kc6 91. Qf6+ Kd5 92. Qd6+ Ke4 93. Qd2 Kxf5 94. Qd3+ Kxe5 95. g7 Kf6 96. Qc3+
Kf7 97. g8=B+ Qxg8 98. Qc4+ Kf8 99. Qc8+ Kf7 100. Qc4+ 1/2-1/2

[Event "KNSB Meesterklasse 2017-2018"]
[Site "DSC Noord, Apeldoorn"]
[Date "2018.02.03"]
[Round "6.2"]
[White "Beerdsen, Thomas"]
[Black "Admiraal, Miguoel"]
[Result "0-1"]
[WhiteElo "2445"]
[BlackElo "2446"]
[PlyCount "100"]
[EventDate "2018.??.??"]
[WhiteTeam "MuConsult Apeldoorn"]
[BlackTeam "Kennemer Combinatie"]

1. e4 c6 2. Nf3 d5 3. exd5 cxd5 4. Ne5 Nf6 5. d4 g6 6. Bd3 Bg7 7. O-O O-O 8.
Nd2 Nc6 9. Nxc6 bxc6 10. f4 Bf5 11. Bxf5 gxf5 12. c3 Qd6 13. Rf3 Ne4 14. Rh3
Qg6 15. Nxe4 dxe4 16. Rg3 Qe6 17. b3 Kh8 18. c4 Rg8 19. Bb2 Bf6 20. Rxg8+ Rxg8
21. g3 Rd8 22. Qd2 e3 23. Qd3 c5 24. Kf1 cxd4 25. Ke2 Bg7 26. Ba3 Qh6 27. Rh1
Qa6 28. b4 Qc6 29. Rg1 Qh6 30. Rh1 Qh5+ 31. Ke1 Qf3 32. Rf1 Qg2 33. b5 Qxa2 34.
c5 Rb8 35. Bc1 Qa5+ 36. Ke2 Qa2+ 37. Ke1 Qa5+ 38. Ke2 Rxb5 39. Ba3 Rxc5 40.
Bxc5 Qxc5 41. Rb1 Bf6 42. Rb8+ Kg7 43. Rb5 Qc6 44. Qxf5 Qg2+ 45. Kd3 Qd2+ 46.
Ke4 Qc2+ 47. Kf3 Qd1+ 48. Ke4 e6 49. Qh3 Qc2+ 50. Kf3 Qc6+ 0-1

[Event "KNSB Meesterklasse 2017-2018"]
[Site "DSC Noord, Apeldoorn"]
[Date "2018.02.03"]
[Round "6.3"]
[White "Spoelman, Wouter"]
[Black "Zwirs, Nico"]
[Result "1/2-1/2"]
[WhiteElo "2578"]
[BlackElo "2378"]
[PlyCount "87"]
[EventDate "2018.??.??"]
[WhiteTeam "Kennemer Combinatie"]
[BlackTeam "MuConsult Apeldoorn"]

1. c4 e5 2. Nc3 Nc6 3. e3 g6 4. d4 Bg7 5. dxe5 Nxe5 6. f4 Nc6 7. Nf3 Nf6 8. e4
d6 9. Bd3 O-O 10. O-O Nd7 11. Be3 Nc5 12. Bc2 Be6 13. Qe2 Na5 14. Nd2 Bxc3 15.
bxc3 f5 16. Bxc5 dxc5 17. exf5 Bxf5 18. Bxf5 Rxf5 19. Nb3 Nxb3 20. axb3 Qf6 21.
Qf3 Rf8 22. Rxa7 g5 23. Qe4 Qxc3 24. Ra8 Rxa8 25. Qxf5 Qd4+ 26. Kh1 gxf4 27. h3
Rf8 28. Qg4+ Kh8 29. Qf3 c6 30. g3 b5 31. cxb5 cxb5 32. gxf4 c4 33. bxc4 bxc4
34. f5 Qd3 35. Qxd3 cxd3 36. Rd1 Rd8 37. Kg2 Kg7 38. Kf3 Kf6 39. Ke3 Kxf5 40.
Rxd3 Rxd3+ 41. Kxd3 Kf4 42. Ke2 Kg3 43. Kf1 Kxh3 44. Kg1 1/2-1/2

[Event "KNSB Meesterklasse 2017-2018"]
[Site "DSC Noord, Apeldoorn"]
[Date "2018.02.03"]
[Round "6.4"]
[White "Rijnaarts, Sjef"]
[Black "Kleijn, Christov"]
[Result "0-1"]
[WhiteElo "2356"]
[BlackElo "2456"]
[PlyCount "86"]
[EventDate "2018.??.??"]
[WhiteTeam "MuConsult Apeldoorn"]
[BlackTeam "Kennemer Combinatie"]

1. e4 c5 2. Nf3 d6 3. d4 cxd4 4. Nxd4 Nf6 5. Nc3 a6 6. Bg5 e6 7. f4 Be7 8. Qe2
h6 9. Bxf6 Bxf6 10. O-O-O Qc7 11. g4 g5 12. fxg5 hxg5 13. Qd2 Nd7 14. h4 gxh4
15. g5 Bg7 16. Kb1 Ne5 17. Qf2 Bd7 18. Rxh4 O-O-O 19. Rxh8 Rxh8 20. Nb3 Rg8 21.
Bh3 Bf8 22. Rg1 Be7 23. Qe3 Kb8 24. Nd4 Qc5 25. g6 Rxg6 26. Rxg6 Nxg6 27. Nd5
exd5 28. Bxd7 Ne5 29. Bf5 Nc4 30. Qd3 Qb4 31. Qc3 Qxc3 32. bxc3 dxe4 33. Kc1 d5
34. Bh7 Bf6 35. Ne2 Be5 36. Bg8 Nd6 37. Kd2 Kc7 38. Ke3 Nf5+ 39. Kd2 Nh6 40.
Bh7 f5 41. Nd4 f4 42. Nf5 Ng4 43. Ne7 Kd6 0-1

[Event "KNSB Meesterklasse 2017-2018"]
[Site "DSC Noord, Apeldoorn"]
[Date "2018.02.03"]
[Round "6.5"]
[White "Bitalzadeh, Ali"]
[Black "Kabatianski, Alexander"]
[Result "1/2-1/2"]
[WhiteElo "2388"]
[BlackElo "2388"]
[PlyCount "46"]
[EventDate "2018.??.??"]
[WhiteTeam "Kennemer Combinatie"]
[BlackTeam "MuConsult Apeldoorn"]

1. c4 c5 2. Nc3 g6 3. Nf3 Bg7 4. g3 Nc6 5. Bg2 d6 6. d3 e6 7. O-O Nge7 8. Bd2
b6 9. a3 Bb7 10. Rb1 O-O 11. b4 Qd7 12. Ne1 Rad8 13. Qa4 Ba8 14. e3 h6 15. h3
g5 16. Kh2 Kh7 17. f4 gxf4 18. gxf4 Nf5 19. Ne2 Nh4 20. Bh1 f5 21. Rg1 Rg8 22.
Qd1 Bh8 23. Ng3 Qf7 1/2-1/2

[Event "KNSB Meesterklasse 2017-2018"]
[Site "DSC Noord, Apeldoorn"]
[Date "2018.02.03"]
[Round "6.6"]
[White "Kuipers, Stefan"]
[Black "Ducarmon, Quinten"]
[Result "1/2-1/2"]
[WhiteElo "2468"]
[BlackElo "2472"]
[PlyCount "97"]
[EventDate "2018.??.??"]
[WhiteTeam "MuConsult Apeldoorn"]
[BlackTeam "Kennemer Combinatie"]

1. e4 c6 2. d4 d5 3. exd5 cxd5 4. Bd3 Nc6 5. c3 Qc7 6. Ne2 Bg4 7. O-O e6 8. Qe1
Bxe2 9. Qxe2 Bd6 10. g3 h5 11. Bg5 Nge7 12. Bxe7 Qxe7 13. Nd2 h4 14. Nf3 hxg3
15. hxg3 O-O-O 16. Bb5 Qf6 17. Kg2 Ne7 18. Rh1 Nf5 19. Bd3 Qg6 20. Nh4 Nxh4+
21. Rxh4 Qf6 22. Rah1 g6 23. Rxh8 Rxh8 24. Rxh8+ Qxh8 25. Qf3 Qf8 26. b3 f5 27.
c4 Qf7 28. cxd5 exd5 29. g4 f4 30. Be2 a6 31. Qc3+ Kb8 32. Bf3 g5 33. Qa5 Bc7
34. Qc5 Qe6 35. Qf8+ Ka7 36. Qf5 Qxf5 37. gxf5 Bb6 38. Kh3 Bxd4 39. Kg4 Bxf2
40. f6 Bc5 41. Bxd5 b5 42. Kxg5 Bd6 43. Kf5 Kb6 44. Ke6 Bf8 45. Kf7 Bd6 46. Ke6
Bf8 47. Ke5 Kc5 48. Bb7 Bd6+ 49. Ke4 1/2-1/2

[Event "KNSB Meesterklasse 2017-2018"]
[Site "DSC Noord, Apeldoorn"]
[Date "2018.02.03"]
[Round "6.7"]
[White "Dek, Lennart"]
[Black "Van de Oudeweetering, Arthur"]
[Result "1-0"]
[WhiteElo "2279"]
[BlackElo "2295"]
[PlyCount "139"]
[EventDate "2018.??.??"]
[WhiteTeam "Kennemer Combinatie"]
[BlackTeam "MuConsult Apeldoorn"]

1. e4 e5 2. Nf3 Nc6 3. Bc4 Nf6 4. d3 Be7 5. O-O O-O 6. Re1 d6 7. a4 Bg4 8. h3
Bh5 9. c3 d5 10. exd5 Nxd5 11. a5 Rb8 12. g4 Bg6 13. Nxe5 Nxe5 14. Rxe5 c6 15.
Bxd5 Bd6 16. Bg5 Qd7 17. Re3 cxd5 18. Qa4 Qc7 19. Na3 a6 20. Rae1 Qc5 21. Bf4
Bxf4 22. Qxf4 f5 23. g5 Qxa5 24. Re7 Rbe8 25. Rxe8 Bxe8 26. Qd6 f4 27. Re7 d4
28. Re5 Qa4 29. Qd5+ Kh8 30. Qd6 Qd1+ 31. Kh2 Rg8 32. Qxd4 Qf3 33. Qe4 Qxf2+
34. Qg2 Qh4 35. d4 Bd7 36. Nc4 Rf8 37. Qf3 h6 38. gxh6 g5 39. Ne3 Qxh6 40. Ng4
Bxg4 41. Qxg4 Rg8 42. Re6 Qh7 43. Qe2 Rf8 44. Qe5+ Qg7 45. Rh6+ Kg8 46. Qe6+
Qf7 47. Rg6+ Kh7 48. Qxf7+ Rxf7 49. Rxg5 b5 50. Kg2 b4 51. Kf3 bxc3 52. bxc3
Rc7 53. Rc5 Ra7 54. Ra5 Kg6 55. Kxf4 Kf6 56. c4 Ke6 57. Ke4 Kd6 58. c5+ Kc7 59.
d5 Ra8 60. Kd4 Rh8 61. Rxa6 Rh4+ 62. Kd3 Rxh3+ 63. Kc4 Rh1 64. Ra7+ Kb8 65. Rg7
Rc1+ 66. Kb5 Rb1+ 67. Kc6 Ra1 68. Rg8+ Ka7 69. d6 Rg1 70. Rxg1 1-0

[Event "KNSB Meesterklasse 2017-2018"]
[Site "DSC Noord, Apeldoorn"]
[Date "2018.02.03"]
[Round "6.8"]
[White "Van Harreveld, Frenk"]
[Black "Lopez, Jasel"]
[Result "1-0"]
[WhiteElo "2224"]
[BlackElo "2332"]
[PlyCount "135"]
[EventDate "2018.??.??"]
[WhiteTeam "MuConsult Apeldoorn"]
[BlackTeam "Kennemer Combinatie"]

1. d4 f5 2. g3 Nf6 3. Bg2 g6 4. c4 Bg7 5. Nc3 O-O 6. b3 d6 7. Bb2 e5 8. dxe5
dxe5 9. Qxd8 Rxd8 10. Nd5 Nxd5 11. Bxd5+ Kf8 12. O-O-O Rd7 13. Nh3 c6 14. Bg2
e4 15. f3 exf3 16. exf3 Bxb2+ 17. Kxb2 Na6 18. f4 Nc5 19. b4 Ne6 20. Rhe1 Rxd1
21. Rxd1 Ke7 22. Nf2 Bd7 23. Nd3 Rg8 24. h4 h6 25. Ne5 Be8 26. b5 cxb5 27. Bxb7
bxc4 28. Bd5 g5 29. hxg5 hxg5 30. Re1 Kd6 31. Bxe6 Kxe6 32. Nf3+ Kd6 33. Nxg5
Bd7 34. Kc3 Bc6 35. Re6+ Kd7 36. Re5 Be4 37. g4 Bd3 38. gxf5 Rf8 39. Ne6 Rh8
40. Nc5+ Kd6 41. Nxd3 cxd3 42. Kxd3 Rh2 43. Ra5 Ke7 44. Ra6 Kf7 45. Rxa7+ Kf6
46. Ra5 Rf2 47. Ke3 Rb2 48. a4 Rb4 49. Kf3 Rb1 50. Rd5 Ra1 51. a5 Ra2 52. Rc5
Ra4 53. Kg4 Ra3 54. Rc6+ Kf7 55. a6 Rb3 56. f6 Rb5 57. Kf3 Rb4 58. Ke3 Ra4 59.
f5 Ra5 60. Kd4 Ke8 61. Ke4 Kf7 62. Kd4 Ke8 63. Re6+ Kf7 64. Kc4 Rxf5 65. Rc6
Ke8 66. a7 Kd7 67. Ra6 Rf4+ 68. Kd3 1-0